000 01070cam a22002291 4500
001 sa 64008039
003 DLC
005 20260227112051.0
008 750604s1960 ii a f000 0 eng
010 _asa 64008039
035 _a(OCoLC)1372583
040 _aDLC
_cNSyU
_dOCoLC
_dDLC
042 _apremarc
050 0 0 _aLA1151
_b.A28 vol. 1
100 1 _aMonteath, Alexander M.,
_d-1893.
245 1 0 _aEducational reports, 1859-71, being two notes on the state of education in India,
_ccompiled by A.M. Monteath in 1862 and 1867, and part two of Education in British India prior to 1854, and in 1870-1871, by A.P. Howell. With a foreword by Prem Kirpal.
260 _aDelhi,
_bPublished for the National Archives of India by the Manager of Publications, Govt. of India,
_c1960.
300 _axiii, 584 p.
_billus.
_c25 cm.
440 0 _aSelections from the educational records of the Government of India,
_vv.1
650 0 _aEducation
_zIndia
_xHistory.
700 1 _aHowell, Arthur Pearse,
_d1883 or 1884-1911.
_tEducation in British India prior to 1854, and in 1870-71.
999 _c60650
_d60650